• 首页
  • 本馆介绍
  • 公告通知
  • 最新文献
  • 馆藏检索
  • 电子资源
  • 读者导购
  • 参考咨询
  • 我的图书馆
  • 登录
  • 详细信息显示
  • 放入我的书架
  • 预约/预借图书
  • 作者相关作品
  • 分类相关作品
  • 丛书相关作品
  • 出版社相关作品

书目信息

  • 表格格式
  • 工作单格式
  • 卡片格式
题名:
城市经济学
    
 
作者: 周文 编著
分册:  
出版信息: 北京   中国人民大学出版社  2014.4
页数: 193页
开本: 26cm
丛书名:
单 册:
中图分类: F290
科图分类:
主题词: 城市经济学--Cheng Shi Jing Ji Xue--高等学校--教材 , 高等学校--Gao Deng Xue Jiao , 教材--Jiao Cai
电子资源:
ISBN: 978-7-300-19018-1
000 01169nam0 22002891 450
001 350286
005 20161009085041.68
010    @a978-7-300-19018-1@dCNY24.00
100    @a20140630d2014 em y0chiy50 ea
101 0  @achi
102    @aCN@b110000
105    @ay z 000yy
106    @ar
200 1  @a城市经济学@ACheng Shi Jing Ji Xue@dUrban economics@f周文编著@zeng
210    @a北京@c中国人民大学出版社@d2014.4
215    @a193页@d26cm
300    @a中国人民大学经济学系列教材/杨瑞龙主编
300    @a中国人民大学“985”工程“中国经济研究哲学社会科学创新基地”项目 国家社科基金项目 国家自然科学基金支持
330    @a本书从理论和历史的角度考察了城市的起源和发展;鉴于土地是城市赖以依托的载体,为了表明城市形态的演进,介绍了从单中心到多中心城市土地利用模式的变革。研究了城市规模分布即城市大小和数量问题,考察了住房、交通、污染、贫困、犯罪等问题。
510 1  @aUrban economics@zeng
606 0  @a城市经济学@ACheng Shi Jing Ji Xue@x高等学校@j教材
606 0  @a高等学校@AGao Deng Xue Jiao
606 0  @a教材@AJiao Cai
690    @aF290@v5
701  0 @a周文@AZhou Wen@c(经济学)@4编著
801  0 @aCN@bTANGWEI@c20160803
905    @b0889265-9@dF290@e1287@f5
    
    城市经济学=Urban economics/周文编著.-北京:中国人民大学出版社,2014.4
    193页;26cm
    中国人民大学经济学系列教材/杨瑞龙主编.-中国人民大学“985”工程“中国经济研究哲学社会科学创新基地”项目 国家社科基金项目 国家自然科学基金支持
    
    ISBN 978-7-300-19018-1:CNY24.00
    本书从理论和历史的角度考察了城市的起源和发展;鉴于土地是城市赖以依托的载体,为了表明城市形态的演进,介绍了从单中心到多中心城市土地利用模式的变革。研究了城市规模分布即城市大小和数量问题,考察了住房、交通、污染、贫困、犯罪等问题。
●
相关链接 在E读中查询图书 在五车中查询图书 在当当中查询图书 在豆瓣中查询图书


正题名:城市经济学     索取号:F290/1287         预约/预借

序号 登录号 条形码 馆藏地/架位号 状态 备注
1 0889265   208892652   第一样本阅览室/ [索取号:F290/1287] 在馆    
2 0889266   208892661   密集书库-海洋学院/ [索取号:F290/1287] 在馆    
3 0889267   208892670   第一借阅区/ [索取号:F290/1287] 在馆    
4 0889268   208892689   第一借阅区/ [索取号:F290/1287] 在馆    
5 0889269   208892698   第一借阅区/ [索取号:F290/1287] 在馆    
唐山师范学院图书馆 欢迎您!
大连网信软件有限公司© 版权所有